little house on the Prairie episodes part 1 seasons 1-4 - Statistics

General Stats
  • This quiz has been taken 71 times
  • The average score is 37 of 89
Answer Stats
season episode name % Correct
1 A Harvest Of Friends
81%
Ma's Holiday
67%
Bunny
62%
Country Girls
62%
The Race
62%
School Mom
57%
The Love of Johnny Johnson
57%
Four Eyes
52%
If I Should Wake Before I Die
52%
Mr. Edwards' Homecoming
52%
The Raccoon
52%
The Voice of Tinker Jones
52%
A Matter of Faith
48%
Christmas at Plum Creek
48%
Family Quarrel
48%
Fred
48%
Gold Country
48%
Haunted House
48%
Plague
48%
Remember Me Part 1
48%
Remember Me Part 2
48%
The Award
48%
3 The Collection
48%
The Gift
48%
The Lord is My Shepherd
48%
2 The Richest Man in Walnut Grove
48%
The Runaway Caboose
48%
To Live with Fear Part 1
48%
To Live with Fear Part 2
48%
Town Party, Country Party
48%
100 Mile Walk
43%
4 Castoffs
43%
Doctor's Lady
43%
For My Lady
43%
I'll Be Waving as You Drive Away Part 1
43%
I'll Be Waving as You Drive Away Part 2
43%
Little Girl Lost
43%
Money Crop
43%
My Ellen
43%
Soldier's Return
43%
Survival
43%
The Campout
43%
The Hunters
43%
The Inheritance
43%
The Music Box
43%
The Pride of Walnut Grove
43%
The Talking Machine
43%
Troublemaker
43%
A Most Precious Gift
38%
At The End of the Rainbow
38%
Blizzard
38%
Centennial
38%
Child of Pain
38%
Circus Man
38%
Ebenezer Sprague
38%
Founder's Day
38%
Going Home
38%
His Father's Son
38%
I'll Ride the Wind
38%
In The Big Inning
38%
I Remember, I Remember
38%
The Long Road Home
38%
The Wisdom of Solomon
38%
Times of Change
38%
To See the World
38%
Be My Friend
33%
Injun Kid
33%
Journey in the Spring Part 1
33%
Journey in the Spring Part 2
33%
Little Women
33%
Meet Me at the Fair
33%
pilot Pilot Movie
33%
Quarantine
33%
The Aftermath
33%
The Creeper of Walnut Grove
33%
The Handyman
33%
The High Cost of Being Right
33%
The Rivals
33%
The Wolves
33%
To Run and Hide
33%
Whisper Country
33%
Here Comes the Brides
29%
The Bully Boys
29%
The Fighter
29%
The Monster of Walnut Grove
29%
The Stranger
29%
Freedom Flight
24%
The Election
24%
The Spring House
14%
No matching quizzes found
Score Distribution
Percent of People with Each Score
Percentile by Number Answered
Your Score History
You have not taken this quiz